000
00275nam a22001217a 4500
008
170224b xxu||||| |||| 00| 0 eng d
041
_a
eng
080
_a
617
100
_a
5
101
_a
SHK
245
_a
CURRENT SURGICAL DIAGNOSIS TREATMENT
_c
DOHERTY.G.M
942
_2
udc
_c
BK
999
_c
6217
_d
6217